00406 2200157 4500001002100000008004100021035002000062245003600082100002000118260003200138300002200170020002200192084001400214082000800228990001200236INLIS000000000002757 IND  a0010-0925000104 aBahagiaku KamucKamiluddin Azis aKamiluddin Azis aJakartabRumah Oranyec2014 a252c(13 x 19 cm) a978-602-1588-49-9 a813 KAM b a813 a0754979